Toward country-led development : A multi-partner evaluation of the comprehensive development framework

Tallennettuna:
Bibliografiset tiedot
Aineistotyyppi: Kirja
Kieli:Undetermined
Julkaistu: Washigton, D. C. The World Bank 2003
Aiheet:
Tagit: Lisää tagi
Ei tageja, Lisää ensimmäinen tagi!
Thư viện lưu trữ: Trung tâm Học liệu Trường Đại học Cần Thơ
LEADER 00524nam a2200169Ia 4500
001 CTU_62915
008 210402s9999 xx 000 0 und d
082 |a 338.73 
082 |b T737 
245 0 |a Toward country-led development : 
245 2 |b A multi-partner evaluation of the comprehensive development framework 
260 |a Washigton, D. C. 
260 |b The World Bank 
260 |c 2003 
650 |a Business interprise 
904 |i Minh (Nguyên sửa) 
980 |a Trung tâm Học liệu Trường Đại học Cần Thơ